000 00669nam a2200217 a 4500
005 20240919064235.0
008 020712s1993 mx r 000 0 spa d
020 _a9686287582
035 _aUPN01000118095
049 _aCG
050 4 _aLC67.68 M6
_aL3.2
100 1 _aLasso Tiscareño, Rigoberto
245 1 0 _aDesarrollo regional y educación superior /
_cRigoberto Lasso.
260 _aCd. Juárez, Chih. :
_bUACU,
_c1993.
300 _a112 p.
440 0 _aEstudios regionales ;
_v7
650 4 _aEDUCACION SUPERIOR -
_xASPECTOS ECONOMICOS
_915623
650 4 _aDesarrollo económico
_96460
650 2 _aEducación superior
_zChihuahua
_917231
905 _aLibro
999 _c90485
_d90485